[Event "Pozarevac Rudar GM 02"]
[Site "Pozarevac"]
[Date "2024.02.13"]
[Round "7"]
[White "Volkov, Dmitriy"]
[Black "Zemlyanskii, Ivan"]
[Result "0-1"]
[WhiteElo "2268"]
[BlackElo "2492"]
[PlyCount "148"]
[EventDate "2024.02.08"]
[EventType "tourn"]
[EventRounds "9"]
[EventCountry "SRB"]
[EventCategory "7"]
[SourceTitle "CB08_2024"]
[SourceDate "2024.02.21"]
[SourceVersion "1"]
[SourceVersionDate "2024.02.21"]
[SourceQuality "1"]

1. e4 c5 2. Nf3 d6 3. d4 cxd4 4. Nxd4 Nf6 5. Nc3 g6 6. Be3 Nc6 7. f3 h5 8. Qd2 Nxd4 9. Bxd4 Bh6 10. Bb5+ Bd7 11. Qe2 Bc6 12. Rd1 Bg7 13. e5 dxe5 14. Qxe5 0-0 15. Bxc6 bxc6 16. 0-0 Qd7 17. Rfe1 Rfe8 18. Rd3 Qb7 19. b3 Rad8 20. Red1 Rd7 21. Qa5 Ra8 22. Be5 Rxd3 23. Rxd3 h4 24. Qc7 Qxc7 25. Bxc7 Ne8 26. Ba5 Nd6 27. Ne4 Nf5 28. Kf1 Be5 29. h3 Bd4 30. Ke2 f6 31. c3 Bb6 32. Bb4 Rc8 33. Bc5 Kf7 34. b4 Bxc5 35. Nxc5 Nd6 36. a4 f5 37. a5 g5 38. Rd4 Nb5 39. Rd3 Nd6 40. Rd4 Rd8 41. c4 e5 42. Rd1 Ke7 43. Rc1 Rb8 44. Na6 Rg8 45. Kf2 g4 46. hxg4 fxg4 47. fxg4 Rxg4 48. Nb8 Ne4+ 49. Kf3 Rf4+ 50. Ke3 Kd6 51. b5 cxb5 52. cxb5 Nf6 53. Nc6 Nd5+ 54. Ke2 Ra4 55. Nxa7 Rxa5 56. b6 e4 57. Rc6+ Kd7 58. Rc4 Ra2+ 59. Ke1 Ra1+ 60. Kf2 e3+ 61. Ke2 Ra2+ 62. Ke1 Rb2 63. Nc6 Kd6 64. Nd4 Rxb6 65. Nf5+ Ke5 66. Nxh4 Nf4 67. Nf3+ Kf5 68. Nd4+ Kg4 69. Ne2 Rb1+ 70. Nc1 Kg3 71. Kd1 Rb2 72. Rc2 Rb1 73. Rc3 Kf2 74. Kc2 Rxc1+ 0-1

[Event "Belgrade Serbia op"]
[Site "Belgrade"]
[Date "2021.07.05"]
[Round "5"]
[White "Volkov, Dmitriy"]
[Black "Ljepic, Andrej"]
[Result "1-0"]
[WhiteElo "2343"]
[BlackElo "2136"]
[PlyCount "127"]
[EventDate "2021.07.02"]
[EventType "swiss"]
[EventRounds "9"]
[EventCountry "SRB"]
[SourceTitle "CBM 203 Extra"]
[Source "ChessBase"]
[SourceDate "2021.09.30"]
[SourceVersion "1"]
[SourceVersionDate "2021.09.30"]
[SourceQuality "1"]

1. e4 c5 2. Nf3 Nc6 3. d4 cxd4 4. Nxd4 e5 5. Nb5 a6 6. Nd6+ Bxd6 7. Qxd6 Qe7 8. Qxe7+ Ngxe7 9. c4 Nd4 10. Be3 d6 11. Nc3 0-0 12. Bd3 Nec6 13. Nd5 Be6 14. Rc1 Rac8 15. Bxd4 exd4 16. Kd2 Bxd5 17. exd5 Ne7 18. Rhe1 Rc7 19. Re4 Rfc8 20. Rce1 Kf8 21. Rxd4 b5 22. b3 bxc4 23. bxc4 Rb7 24. Rb1 Rxb1 25. Bxb1 Rc5 26. Rf4 Kg8 27. Bc2 g6 28. h4 Nc8 29. g4 Nb6 30. Kd3 Kf8 31. g5 Rc8 32. Bb3 a5 33. Bd1 Nd7 34. Kc3 Nc5 35. Bc2 Ke7 36. h5 Rh8 37. Rh4 Rg8 38. f4 Rg7 39. Rh1 Rg8 40. Re1+ Kd8 41. Rb1 Kc7 42. Rh1 Kd8 43. Kd4 Re8 44. f5 Re5 45. hxg6 hxg6 46. Rh8+ Kd7 47. Rh7 Ke7 48. f6+ Ke8 49. Rh8+ Kd7 50. Rf8 Rxg5 51. Rxf7+ Ke8 52. Rg7 Rg4+ 53. Ke3 Kf8 54. Bxg6 a4 55. Kf3 Rg1 56. Kf4 Rf1+ 57. Kg5 Rg1+ 58. Kh6 Rh1+ 59. Bh5 Ne4 60. Ra7 Nxf6 61. Rf7+ Ke8 62. Rxf6+ Ke7 63. Rf7+ Kd8 64. Ra7 1-0

[Event "Paracin Orbis GM 07"]
[Site "Paracin"]
[Date "2020.07.15"]
[Round "7"]
[White "Dudin, Gleb"]
[Black "Volkov, Dmitriy"]
[Result "1-0"]
[WhiteElo "2387"]
[BlackElo "2346"]
[PlyCount "129"]
[EventDate "2020.07.11"]
[EventType "tourn"]
[EventRounds "9"]
[EventCountry "SRB"]
[EventCategory "7"]
[SourceTitle "CBM 197 Extra"]
[Source "ChessBase"]
[SourceDate "2020.09.30"]
[SourceVersion "1"]
[SourceVersionDate "2020.09.30"]
[SourceQuality "1"]

1. d4 Nf6 2. Nf3 g6 3. Bg5 Bg7 4. Nbd2 d6 5. c3 h6 6. Bh4 g5 7. Bg3 Nh5 8. e4 c5 9. dxc5 Nxg3 10. hxg3 dxc5 11. Bc4 Nc6 12. Qe2 e6 13. Nf1 Bd7 14. Ne3 Qc7 15. g4 0-0-0 16. g3 Rhe8 17. 0-0 f5 18. gxf5 exf5 19. exf5 Bxf5 20. Rfd1 Bg4 21. Rxd8+ Qxd8 22. Rd1 Qc7 23. Bd5 Nd4 24. cxd4 cxd4 25. Bxb7+ Qxb7 26. Qc4+ Kd8 27. Nxd4 Bxd1 28. Ne6+ Rxe6 29. Qxe6 Bf3 30. Qg8+ Kc7 31. Qxg7+ Kb8 32. Qxh6 Qe7 33. Qh8+ Kb7 34. g4 Bc6 35. Qd4 Qh7 36. Kf1 Qb1+ 37. Ke2 Qxa2 38. Qg7+ Ka6 39. Qf6 Kb7 40. Qe7+ Kb6 41. Qb4+ Bb5+ 42. Kd2 Qe6 43. Qd4+ Ka6 44. Kc3 Qc8+ 45. Kd2 Qe6 46. Nd5 Qd7 47. Qf6+ Kb7 48. Qe7 Qxe7 49. Nxe7 Bd7 50. f3 Kc7 51. Nd5+ Kd6 52. Nf6 Bc6 53. Ne4+ Ke5 54. Ke3 Kd5 55. Nxg5 Kc4 56. Ne6 a5 57. Nd4 Bd7 58. g5 Be8 59. Ke4 Bg6+ 60. Ke5 a4 61. f4 Kd3 62. f5 Bxf5 63. Nxf5 Kc2 64. Nd4+ Kxb2 65. Nb5 1-0

[Event "Paracin Orbis GM 07"]
[Site "Paracin"]
[Date "2020.07.15"]
[Round "6"]
[White "Volkov, Dmitriy"]
[Black "Budisavljevic, Luka"]
[Result "0-1"]
[WhiteElo "2346"]
[BlackElo "2444"]
[PlyCount "74"]
[EventDate "2020.07.11"]
[EventType "tourn"]
[EventRounds "9"]
[EventCountry "SRB"]
[EventCategory "7"]
[SourceTitle "CBM 197 Extra"]
[Source "ChessBase"]
[SourceDate "2020.09.30"]
[SourceVersion "1"]
[SourceVersionDate "2020.09.30"]
[SourceQuality "1"]

1. e4 c5 2. Nf3 e6 3. d4 cxd4 4. Nxd4 Nc6 5. Nc3 Qc7 6. Be3 a6 7. Qf3 Bd6 8. 0-0-0 Be5 9. Nxc6 bxc6 10. Bd4 Bxd4 11. Rxd4 Nf6 12. Qg3 Qxg3 13. hxg3 d5 14. f3 e5 15. Ra4 d4 16. Nb1 Be6 17. Bxa6 Ke7 18. Ra3 h6 19. b3 Nd7 20. Be2 c5 21. Kb2 c4 22. Bxc4 Bxc4 23. Rxa8 Rxa8 24. bxc4 Nb6 25. Kb3 Rb8 26. Na3 Kd6 27. c3 d3 28. Rb1 Kc5 29. Kb2 Ra8 30. Ra1 Rxa3 31. Kxa3 Nxc4+ 32. Kb3 Ne3 33. a4 d2 34. a5 d1Q+ 35. Rxd1 Nxd1 36. a6 Kb6 37. Kc4 Ne3+ 0-1

[Event "Paracin Orbis GM 07"]
[Site "Paracin"]
[Date "2020.07.13"]
[Round "4"]
[White "Pikula, Dejan"]
[Black "Volkov, Dmitriy"]
[Result "1/2-1/2"]
[WhiteElo "2435"]
[BlackElo "2346"]
[PlyCount "83"]
[EventDate "2020.07.11"]
[EventType "tourn"]
[EventRounds "9"]
[EventCountry "SRB"]
[EventCategory "7"]
[SourceTitle "CBM 197 Extra"]
[Source "ChessBase"]
[SourceDate "2020.09.30"]
[SourceVersion "1"]
[SourceVersionDate "2020.09.30"]
[SourceQuality "1"]

1. d4 Nf6 2. Nf3 g6 3. e3 Bg7 4. Be2 d6 5. 0-0 0-0 6. c4 Nbd7 7. Nc3 e5 8. Qc2 Re8 9. Rd1 c6 10. b3 Qe7 11. Ba3 e4 12. Nd2 Nf8 13. b4 h5 14. b5 c5 15. dxc5 dxc5 16. Nb3 b6 17. Bb2 Ne6 18. a4 Nc7 19. a5 Bf5 20. Rd2 Ng4 21. h3 Qh4 22. Bf1 Ne5 23. Nd5 Ne6 24. axb6 axb6 25. Rxa8 Rxa8 26. Bxe5 Bxe5 27. Nxb6 Re8 28. Nd7 Ng5 29. Nxe5 Rxe5 30. Rd8+ Kh7 31. Qc3 f6 32. Qa1 Nxh3+ 33. gxh3 Bxh3 34. Bxh3 Qxh3 35. Rd5 Qg4+ 36. Kf1 Rxd5 37. cxd5 h4 38. Qxf6 h3 39. Qf7+ Kh8 40. Qf6+ Kh7 41. Qf7+ Kh8 42. Qf6+ 1/2-1/2

[Event "Barbera del Valles op 42nd"]
[Site "Barbera del Valles"]
[Date "2019.07.09"]
[Round "6"]
[White "Harutyunian, Tigran K"]
[Black "Volkov, Dmitriy"]
[Result "1-0"]
[WhiteElo "2539"]
[BlackElo "2369"]
[PlyCount "63"]
[EventDate "2019.07.04"]
[EventType "swiss"]
[EventRounds "9"]
[EventCountry "ESP"]
[SourceTitle "CBM 191 Extra"]
[Source "ChessBase"]
[SourceDate "2019.09.30"]
[SourceVersion "1"]
[SourceVersionDate "2019.09.30"]
[SourceQuality "1"]

1. d4 Nf6 2. Nf3 g6 3. c4 Bg7 4. g3 d6 5. Bg2 0-0 6. Nc3 Nc6 7. 0-0 a6 8. Re1 Rb8 9. Rb1 b5 10. cxb5 axb5 11. b4 e5 12. dxe5 Nxe5 13. Nxe5 dxe5 14. Be3 Bb7 15. Ba7 Ra8 16. Bxb7 Rxa7 17. Qxd8 Rxd8 18. Bc6 Ne8 19. Nxb5 Rxa2 20. Bxe8 Rxe8 21. Nxc7 Rb8 22. e4 Bf8 23. Nd5 Rd2 24. Rec1 Ra8 25. b5 Raa2 26. Nc3 Rab2 27. Rxb2 Rxb2 28. Rb1 Rxb1+ 29. Nxb1 Bb4 30. b6 Kf8 31. Nc3 Ke8 32. Nb5 1-0

[Event "Budapest FS08 GM"]
[Site "Budapest"]
[Date "2018.08.05"]
[Round "2"]
[White "Havasi, Gergo"]
[Black "Volkov, Dmitriy"]
[Result "0-1"]
[WhiteElo "2372"]
[BlackElo "2329"]
[PlyCount "80"]
[EventDate "2018.08.04"]
[EventType "tourn"]
[EventRounds "9"]
[EventCountry "HUN"]
[EventCategory "7"]
[SourceTitle "CBM 186 Extra"]
[Source "ChessBase"]
[SourceDate "2018.08.24"]
[SourceVersion "1"]
[SourceVersionDate "2018.08.24"]
[SourceQuality "1"]

1. e4 c5 2. Nf3 Nc6 3. Bb5 d6 4. 0-0 Bd7 5. Re1 Nf6 6. c3 a6 7. Bf1 Bg4 8. h3 Bxf3 9. Qxf3 e6 10. Qg3 Be7 11. d3 0-0 12. Na3 b5 13. Nc2 Rb8 14. a3 Nd7 15. Be3 f5 16. exf5 Rxf5 17. d4 c4 18. Bh6 Rf7 19. Rxe6 Bh4 20. Qxd6 Bxf2+ 21. Kh1 Nf8 22. Qxc6 Nxe6 23. Qxe6 gxh6 24. Qxa6 Rb6 25. Qa5 Bg3 26. a4 Bc7 27. Ne3 h5 28. axb5 Qd6 29. g3 Rf8 30. Bxc4+ Kh8 31. Rg1 Qd7 32. Kh2 h4 33. Rg2 hxg3+ 34. Kg1 Qxh3 35. Qa3 Re8 36. Bd5 Bd6 37. Qa7 Rxe3 38. Qa8+ Rb8 39. Qa1 Rbe8 40. Qf1 Re1 0-1

[Event "Ortisei Server24 op 4th"]
[Site "Ortisei"]
[Date "2018.06.23"]
[Round "8"]
[White "Volkov, Dmitriy"]
[Black "Solomon, Kenny"]
[Result "1/2-1/2"]
[WhiteElo "2334"]
[BlackElo "2419"]
[PlyCount "157"]
[EventDate "2018.06.16"]
[EventType "tourn"]
[EventRounds "9"]
[EventCountry "ITA"]
[SourceTitle "CBM 185 Extra"]
[Source "ChessBase"]
[SourceDate "2018.07.29"]
[SourceVersion "1"]
[SourceVersionDate "2018.07.29"]
[SourceQuality "1"]

1. e4 c5 2. Nf3 d6 3. d4 cxd4 4. Nxd4 Nf6 5. Nc3 a6 6. h3 e6 7. g4 Be7 8. g5 Nfd7 9. h4 b5 10. Be3 Bb7 11. a3 Nc6 12. Nxc6 Bxc6 13. Qd4 0-0 14. 0-0-0 Rb8 15. f4 a5 16. h5 b4 17. h6 gxh6 18. Nd5 bxa3 19. bxa3 e5 20. Qd2 Bxd5 21. exd5 exf4 22. Bxf4 Qb6 23. Qd3 Ne5 24. Qe4 Rfc8 25. Bd3 Qb2+ 26. Kd2 Qc3+ 27. Ke2 Nxd3 28. cxd3 Re8 29. Bd2 Qc8 30. Kf3 Bxg5 31. Qg4 Qc2 32. Bxg5 Qe2+ 33. Kg3 Qxg4+ 34. Kxg4 hxg5 35. Kxg5 Rb2 36. Rde1 Rg2+ 37. Kf4 Rf2+ 38. Kg4 h5+ 39. Kxh5 Ree2 40. Kg5 Rg2+ 41. Kf4 Rgf2+ 42. Kg4 Rg2+ 43. Kf4 Ref2+ 44. Ke4 Rg4+ 45. Ke3 Rf5 46. Reg1 Re5+ 47. Kd2 Rxg1 48. Rxg1+ Kf8 49. Rb1 Rxd5 50. Rb7 Kg7 51. Ke3 Re5+ 52. Kd4 Kf6 53. Ra7 Ke6 54. Ra8 Rd5+ 55. Ke4 f5+ 56. Ke3 Kd7 57. d4 Rb5 58. a4 Rb3+ 59. Kf4 Rb4 60. Rxa5 Rxd4+ 61. Kxf5 Kc6 62. Ra8 Kb7 63. Rd8 Kc6 64. a5 Ra4 65. Ra8 Kd5 66. a6 Ra1 67. a7 Rf1+ 68. Kg6 Ra1 69. Kf5 Rf1+ 70. Kg6 Rg1+ 71. Kf6 Rf1+ 72. Kg6 Ra1 73. Kf5 Ra4 74. Kg5 Ra3 75. Kf4 Ra4+ 76. Kf5 Ra2 77. Kf4 Ra3 78. Kf5 Ra4 79. Kf6 1/2-1/2

[Event "Ortisei Server24 op 4th"]
[Site "Ortisei"]
[Date "2018.06.20"]
[Round "5"]
[White "Gholami, Aryan"]
[Black "Volkov, Dmitriy"]
[Result "1-0"]
[WhiteElo "2490"]
[BlackElo "2334"]
[PlyCount "99"]
[EventDate "2018.06.16"]
[EventType "tourn"]
[EventRounds "9"]
[EventCountry "ITA"]
[SourceTitle "CBM 185 Extra"]
[Source "ChessBase"]
[SourceDate "2018.07.29"]
[SourceVersion "1"]
[SourceVersionDate "2018.07.29"]
[SourceQuality "1"]

1. Nf3 Nf6 2. g3 g6 3. b3 Bg7 4. Bb2 d6 5. d4 0-0 6. Bg2 c5 7. c4 cxd4 8. Nxd4 d5 9. 0-0 e5 10. Nb5 a6 11. N5c3 d4 12. Na4 Nc6 13. Nd2 Bf5 14. c5 e4 15. Nc4 Nd5 16. Nd6 Qe7 17. Qc2 b5 18. Nb6 Nxb6 19. Nxf5 gxf5 20. cxb6 Nb4 21. Qd2 Rab8 22. a3 Nc6 23. Qf4 Qe5 24. Qxe5 Bxe5 25. f3 f4 26. gxf4 Bxf4 27. fxe4 Be3+ 28. Kh1 Rxb6 29. Rf6 Rfb8 30. Rf5 Re8 31. Rd5 Na5 32. Rf1 Nxb3 33. Rd7 Rf8 34. e5 Nc5 35. Rc7 Ne6 36. Re7 Bg5 37. Ra7 Kg7 38. a4 b4 39. Bd5 Kg6 40. a5 Rbb8 41. Rxa6 Be3 42. Rd6 Kg5 43. a6 Nf4 44. a7 Rbc8 45. Bb7 d3 46. exd3 Rc2 47. Bd4 Bxd4 48. Rxd4 Ne6 49. Rxb4 Nc7 50. Rc4 1-0

[Event "Portoroz op 11th"]
[Site "Portoroz"]
[Date "2017.07.29"]
[Round "9"]
[White "Debevec, Blaz"]
[Black "Volkov, Dmitriy"]
[Result "1/2-1/2"]
[WhiteElo "2178"]
[BlackElo "2274"]
[PlyCount "62"]
[EventDate "2017.07.22"]
[EventType "swiss"]
[EventRounds "9"]
[EventCountry "SLO"]
[SourceTitle "EXT 2020"]
[Source "ChessBase"]
[SourceDate "2019.10.17"]
[SourceVersion "1"]
[SourceVersionDate "2019.10.17"]
[SourceQuality "1"]

1. e4 c5 2. Nc3 Nc6 3. f4 g6 4. Nf3 Bg7 5. Bb5 Nd4 6. 0-0 a6 7. Bd3 d6 8. Nxd4 cxd4 9. Ne2 e6 10. Qe1 Ne7 11. Kh1 0-0 12. b4 f5 13. Rb1 b5 14. Bb2 Nc6 15. c3 Qb6 16. exf5 exf5 17. Qf2 Be6 18. a3 Bd5 19. Nxd4 Nxd4 20. cxd4 Rfe8 21. Rfe1 Rxe1+ 22. Rxe1 Bf6 23. Bc3 Kf7 24. Kg1 Re8 25. Rxe8 Kxe8 26. Qe3+ Kf7 27. Kf1 Qc6 28. Qe2 Bg7 29. Kg1 Bh6 30. Qf2 Bg7 31. Qe2 Qb6 1/2-1/2

[Event "Montcada op-A 25th"]
[Site "Montcada"]
[Date "2017.07.03"]
[Round "9"]
[White "Volkov, Dmitriy"]
[Black "Konguvel, Ponnuswamy"]
[Result "1/2-1/2"]
[WhiteElo "2274"]
[BlackElo "2391"]
[PlyCount "35"]
[EventDate "2017.06.26"]
[EventType "swiss"]
[EventRounds "9"]
[EventCountry "ESP"]
[SourceTitle "CBM 179 Extra"]
[Source "ChessBase"]
[SourceDate "2017.08.23"]
[SourceVersion "1"]
[SourceVersionDate "2017.08.23"]
[SourceQuality "1"]

1. e4 g6 2. d4 Bg7 3. Nc3 d6 4. Nf3 a6 5. h3 b5 6. Bd3 Nd7 7. Ne2 Bb7 8. 0-0 c5 9. c3 Ngf6 10. Ng3 cxd4 11. cxd4 0-0 12. a4 e5 13. dxe5 Nxe5 14. Nxe5 dxe5 15. Qb3 bxa4 16. Rxa4 Bc6 17. Ra3 Qd7 18. Be3 1/2-1/2

[Event "Philadelphia op 11th"]
[Site "Philadelphia"]
[Date "2017.04.15"]
[Round "6"]
[White "Vazquez, Guillermo"]
[Black "Volkov, Dmitriy"]
[Result "1-0"]
[WhiteElo "2446"]
[BlackElo "2248"]
[PlyCount "133"]
[EventDate "2017.04.12"]
[EventType "swiss"]
[EventRounds "9"]
[EventCountry "USA"]
[SourceTitle "EXT 2018"]
[Source "ChessBase"]
[SourceDate "2017.10.13"]
[SourceVersion "1"]
[SourceVersionDate "2017.10.13"]
[SourceQuality "1"]

1. e4 c5 2. Nf3 Nc6 3. Bb5 d6 4. d4 cxd4 5. Qxd4 Bd7 6. Qd3 h6 7. c4 Nf6 8. Nc3 e5 9. 0-0 Be7 10. Rd1 0-0 11. Bxc6 Bxc6 12. a4 a5 13. b3 Qd7 14. h3 b6 15. Be3 Qb7 16. Nd2 Nd7 17. f3 Nc5 18. Qc2 Kh7 19. Nf1 g6 20. Bf2 f5 21. exf5 Rxf5 22. Nd5 Rc8 23. Ng3 Rf7 24. Ne4 Nxe4 25. Qxe4 Bd8 26. Rd3 Rb8 27. Rad1 Bd7 28. Nc3 Bc6 29. Qe2 Bc7 30. Be3 Rbf8 31. Bc1 Kg7 32. Qe3 g5 33. Nd5 Bxd5 34. Rxd5 Rf6 35. Qe4 Qc6 36. Be3 R8f7 37. Kf2 Rf8 38. Ke2 Kg8 39. h4 gxh4 40. Rh1 Kg7 41. Rxh4 Rg6 42. Rg4 Rff6 43. Rxg6+ Rxg6 44. f4 Qe8 45. f5 Rf6 46. g4 Kh8 47. Rd1 Kg7 48. Rh1 d5 49. Qxd5 Rd6 50. Qe4 Qc6 51. Qxc6 Rxc6 52. Rd1 Bd6 53. Kf3 Bc5 54. Rd7+ Kf8 55. Ke4 Bxe3 56. Kxe3 Ke8 57. Rb7 Rd6 58. Ke4 Rd4+ 59. Kxe5 Rxg4 60. Rxb6 h5 61. Rg6 Rh4 62. c5 Rh3 63. c6 Kf7 64. c7 Rc3 65. Kd6 h4 66. Kd7 Rd3+ 67. Rd6 1-0